| 000 | 03575cam a2200337 i 4500 | ||
|---|---|---|---|
| 001 | 16748381 | ||
| 003 | EG-ScBUE | ||
| 005 | 20230314110152.0 | ||
| 008 | 110423s2013 maua f 001 0 eng d | ||
| 020 | _a9780240817002 | ||
| 020 | _a0240817001 | ||
| 035 | _a(OCoLC)ocn657600316 | ||
| 040 |
_aUKM _beng _erda _cUKM _dBTCTA _dYDXCP _dJQQ _dBWX _dMHH _dCDX _dDLC _dEG-ScBUE |
||
| 082 | 0 | 4 |
_a791.430233 _bTOM _222 |
| 100 | 1 |
_aTomaric, Jason J., _d1976- _eauthor. _941838 |
|
| 245 | 1 | 0 |
_aFilmmaking : _bdirect your movie from script to screen using proven Hollywood techniques / _cby Jason J. Tomaric. |
| 264 | 1 |
_aBurlington, MA ; _aOxon : _bFocal Press / Taylor & Francis Group, _c2013. |
|
| 300 |
_axii, 520 pages : _billustrations ; _c23 cm |
||
| 336 |
_2rdacontent _atext _btxt |
||
| 337 |
_2rdamedia _aunmediated _bn |
||
| 338 |
_2rdacarrier _avolume _bnc |
||
| 500 | _aIncludes index. | ||
| 505 | 0 | _aTable of Contents -- DEVELOPMENT -- Chapter 1: The Script -- PRE-PRODUCTION -- Chapter 2: Pre-Production -- Chapter 3: Budgeting -- Chapter 4: Scheduling -- Chapter 5: Insurance -- Chapter 6: Locations -- Chapter 7: Auditioning Actors -- Chapter 8: The Crew -- Chapter 9: Unions & Guilds -- Chapter 10: Equipment -- Chapter 11: Production Design -- PRODUCTION -- Chapter 12: Production -- Chapter 13: Acting -- Chapter 14: Directing -- Chapter 15: Cinematography -- Chapter 16: Audio Recording -- Chapter 17: Hair & Make-Up -- Chapter 18: Craft Services & Catering -- POST-PRODUCTION -- Chapter 19: Editing -- Chapter 20: Digital Effects -- Chapter 21: Post-Production Audio -- Chapter 22: Music -- MARKETING -- Chapter 23: Distribution -- Index. | |
| 520 | _aFilmmaking, the definitive resource for filmmakers, blows the doors off the secretive film industry and shows you how to adapt the Hollywood-system for your production. Full of thousands of tips, tricks, and techniques from Emmy-winning director Jason Tomaric, Filmmaking systematically takes you through every step of how to produce a successful movie - from developing a marketable idea through selling your completed movie. Whether you're on a budget of $500 or $50,000,000, Filmmaking reveals some of Hollywood's best-kept secrets. Make your movie and do it right. The companion site includes: Over 30-minutes of high-quality video tutorials featuring over a dozen working Hollywood professionals Industry-standard forms and contracts you can use for your production Sample scripts, storyboards, schedules, call sheets, contracts, letters from the producer, camera logs and press kits 45-minute video that takes you inside the movie that launched Jason's career. 3,000 extras, 48 locations, 650 visual effects, and all made from his parent's basement for $25,000. Filmmaking, the definitive resource for filmmakers, blows the doors off the secretive film industry and shows you how to adapt the Hollywood-system for your production. Full of thousands of tips, tricks, and techniques from Emmy-winning director Jason Tomaric, Filmmaking systematically takes you through every step of how to produce a successful movie - from developing a marketable idea through selling your completed movie. Whether you're on a budget of $500 or $50,000,000, Filmmaking reveals some of Hollywood's best-kept secrets. Make your movie and do it right. | ||
| 650 | 7 |
_aMotion pictures _xProduction and direction. _2BUEsh _939027 |
|
| 651 | _2BUEsh | ||
| 653 |
_bCOMAME _cOctober2018 |
||
| 655 | _vText book | ||
| 942 |
_2ddc _cBB |
||
| 999 |
_c26901 _d26873 |
||